000 01099nam a2200289Ia 4500
005 20240524102407.0
008 130821s2010 xxuao gr eng
020 _a736078916
020 _a9780736078917 (3a.Ed)
040 _aCo-BoUCM
_bspa
_cDoris Forero
_dDoris Forero
041 0 0 _aeng
060 1 0 _aQT 261
100 1 _aDenegar, Craig R.
_948410
245 1 0 _aTherapeutic modalities for musculoskeletal injuries
_cCraig R. Denegar, Ethan Saliba, Susan Saliba
250 _a3a. Ed.
260 _aChampaign (Illinois, Estados Unidos)
_bHuman Kinetics
_c2010
300 _axii, 291 páginas
_bilustraciones, cuadros, fotografías, tablas
490 0 _aAthletic training education series
650 0 4 _aAccidentes deportivos
_xTratamiento y control
_98317
650 0 4 _aDolor
_913529
650 0 4 _aMedicina deportiva
_919146
650 0 4 _aRehabilitación
_vMétodos
_929227
650 0 4 _aSistema muscular
_xDe la santa trinidad, madre
_924559
700 1 _aSaliba, Ethan
_d1956-
_995342
700 1 _aSaliba, Susan Foreman
_d1963-
_995343
942 _cLIBRO
_a26
_e3
_mD392t
_2NLM
_hQT 261
_n0
999 _c70395
_d70395